Loading...

Guinness world records 2011

Bibliographic Details
Other Authors: Glenday,Craig
Format: Printed Book
Language:Undetermined
Published: European 2010 Guinness world records limited 2011
Subjects:
LEADER 00550nam a2200169Ia 4500
008 140316s9999 xx 000 0 und d
020 |a 9781904994572 
082 |a 001  |b GUI/GU 
100
245 |a Guinness world records 2011 
260 |a European  |b 2010 Guinness world records limited  |c 2011 
300 |a 287 
650 |a General knowledge 
700 |a Glenday,Craig 
942 |2 ddc  |c REF 
999 |c 21358  |d 21358 
952 |0 0  |1 0  |2 ddc  |4 0  |6 001_000000000000000_GUIGU  |7 0  |9 29211  |a KAUCLV  |b KAUCLV  |c REF  |d 2014-03-18  |o 001 GUI/GU  |p 220404  |r 2014-03-18  |w 2014-03-18  |y REF